Model rozhodování skupiny a chování jednotlivce při zaopatřování veřejných statků
Rozhodovanie o alokácii zdrojov resp. verejných statkov. Rôzny priebeh nákladových funkcií súvisiacích so zabezpečením verejného statku.
Salvato in:
| Autore principale: | |
|---|---|
| Natura: | Capitolo di libro |
| Lingua: | ceco |
| Soggetti: | |
| Tags: |
Nessun Tag, puoi essere il primo ad aggiungerne!!
|
MARC
| LEADER | 00000naa$a2200000$$$4500 | ||
|---|---|---|---|
| 001 | 0095113 | ||
| 005 | 20221207081530.8 | ||
| 041 | 0 | |a cze | |
| 044 | |a SK | ||
| 245 | 1 | 0 | |a Model rozhodování skupiny a chování jednotlivce při zaopatřování veřejných statků |c František Ochrana |
| 520 | |a Rozhodovanie o alokácii zdrojov resp. verejných statkov. Rôzny priebeh nákladových funkcií súvisiacích so zabezpečením verejného statku. | ||
| 610 | 2 | 0 | |a statky verejné |
| 610 | 2 | 0 | |a funkcie nákladové |
| 610 | 2 | 0 | |a matematika finančná |
| 610 | 2 | 0 | |a efektívnosť ekonomická |
| 610 | 2 | 0 | |a rozhodovanie skupinové |
| 100 | 1 | |a Ochrana, František | |